[Event "Fagernes op-B"]
[Site "Fagernes"]
[Date "2023.04.09"]
[Round "9"]
[White "Lazareva, Emilie"]
[Black "Holten, Terje"]
[Result "1-0"]
[WhiteElo "1483"]
[BlackElo "1287"]
[PlyCount "89"]
[EventDate "2023.04.02"]
[EventType "swiss"]
[EventRounds "9"]
[EventCountry "NOR"]
[SourceTitle "CBM 213 Extra"]
[Source "ChessBase"]
[SourceDate "2023.05.31"]
[SourceVersion "1"]
[SourceVersionDate "2023.05.31"]
[SourceQuality "1"]

1. e4 c6 2. d4 d5 3. e5 c5 4. c3 Nc6 5. Nf3 Bg4 6. Bb5 e6 7. 0-0 Nge7 8. dxc5 Ng6 9. Re1 Bxc5 10. Nbd2 0-0 11. h3 Bxf3 12. Nxf3 Qb6 13. Qe2 Bxf2+ 14. Qxf2 Qxb5 15. Qg3 Nce7 16. Nd4 Qb6 17. Kh1 Nf5 18. Nxf5 exf5 19. Rb1 Rfe8 20. Be3 Qc6 21. Bd4 a6 22. Rf1 f4 23. Qf3 Qd7 24. Rbe1 Rac8 25. Qf2 Rc6 26. h4 Nxh4 27. Qxf4 Rh6 28. Kg1 Ng6 29. Qg3 Rh4 30. Rf2 Qe6 31. Ref1 Re7 32. Rf5 Re4 33. Rh5 Qg4 34. Qxg4 Rxg4 35. Rhf5 Kf8 36. Bc5 Ke8 37. Bxe7 Kxe7 38. Rxf7+ Ke6 39. Rxg7 Rh4 40. Rxb7 Nxe5 41. Rb6+ Ke7 42. Rxa6 Nc4 43. b4 Re4 44. b5 Kd7 45. Rf7+ 1-0

[Event "Fagernes op-B"]
[Site "Fagernes"]
[Date "2023.04.08"]
[Round "8"]
[White "Holten, Terje"]
[Black "Odden, Jan Ove"]
[Result "0-1"]
[WhiteElo "1287"]
[BlackElo "1551"]
[PlyCount "100"]
[EventDate "2023.04.02"]
[EventType "swiss"]
[EventRounds "9"]
[EventCountry "NOR"]
[SourceTitle "CBM 213 Extra"]
[Source "ChessBase"]
[SourceDate "2023.05.31"]
[SourceVersion "1"]
[SourceVersionDate "2023.05.31"]
[SourceQuality "1"]

1. d4 d5 2. c4 c6 3. Nc3 dxc4 4. e3 e6 5. Bxc4 Nf6 6. Nf3 Bb4 7. Bd2 0-0 8. 0-0 Nbd7 9. Qc2 b5 10. Bd3 Bb7 11. a3 Be7 12. Ne4 Rc8 13. Bc3 Nxe4 14. Bxe4 Nf6 15. Bd3 h6 16. Qe2 Nd5 17. Rfc1 a6 18. Bd2 c5 19. dxc5 Bxc5 20. b4 Bd6 21. Rxc8 Qxc8 22. Rc1 Qd8 23. Bb1 Qe7 24. Qd3 Nf6 25. Bc3 Rd8 26. Bxf6 Qxf6 27. Qe2 g6 28. e4 Bf4 29. Re1 Qc3 30. g3 Bc1 31. Rd1 Rxd1+ 32. Qxd1 Bxa3 33. Qd8+ Kg7 34. Qd4+ Qxd4 35. Nxd4 Bxb4 36. Kf1 Kf6 37. Ke2 Ke5 38. Nf3+ Kd6 39. Kd3 Bc5 40. e5+ Kc7 41. Ke2 a5 42. Nd2 b4 43. Nb3 Bb6 44. f4 a4 45. Nc1 Bd5 46. Kd2 Bg1 47. h4 Bf2 48. Ne2 a3 49. g4 b3 50. Nc3 a2 0-1